Rate coefficients in astrochemistry (Record no. 9352)

MARC details
000 -LEADER
fixed length control field 00765nam a2200205Ia 4500
003 - CONTROL NUMBER IDENTIFIER
control field IN-BaIIA
008 - FIXED-LENGTH DATA ELEMENTS--GENERAL INFORMATION
fixed length control field 211028s9999 xx 000 0 eng d
020 ## - INTERNATIONAL STANDARD BOOK NUMBER
International Standard Book Number 90-277-2752-x
040 ## - CATALOGING SOURCE
Transcribing agency IIA Library
080 ## - UNIVERSAL DECIMAL CLASSIFICATION NUMBER
Universal Decimal Classification number 52(082.1)
Item number ASS-146
245 #0 - TITLE STATEMENT
Title Rate coefficients in astrochemistry
Remainder of title proceedings of a conference on rate coefficients in astrochemistry, held in Umist, Manchester, UK, 21-24 Sep, 1987
Statement of responsibility, etc. edited by Millar, T. J and Williams, D. A
260 ## - PUBLICATION, DISTRIBUTION, ETC.
Place of publication, distribution, etc. Dordrecht
Name of publisher, distributor, etc. Kluwer Academic
Date of publication, distribution, etc. 1988
300 ## - PHYSICAL DESCRIPTION
Extent xiv, 364p.
490 ## - SERIES STATEMENT
Series statement Astrophysics and space science library; v. 146
650 ## - SUBJECT ADDED ENTRY--TOPICAL TERM
Topical term or geographic name entry element Astronomy and astrophysics thesaurus
650 ## - SUBJECT ADDED ENTRY--TOPICAL TERM
Topical term or geographic name entry element Cosmochemistry
9 (RLIN) 1212
700 ## - ADDED ENTRY--PERSONAL NAME
Personal name Millar, T. J., ed.
9 (RLIN) 15764
700 ## - ADDED ENTRY--PERSONAL NAME
Personal name Williams, D. A., ed.
9 (RLIN) 15765
942 ## - ADDED ENTRY ELEMENTS (KOHA)
Koha item type Books
Holdings
Withdrawn status Lost status Damaged status Not for loan Home library Current library Shelving location Date acquired Cost, normal purchase price Total Checkouts Full call number Barcode Date last seen Cost, replacement price Price effective from Koha item type Purchase Price
        IIA Library-Bangalore IIA Library-Bangalore General Stacks   1296.00   52(082.1)/ ASS-146 10259 05/11/2021 1296.00   Books Rs. 1296

Powered by Koha